Statistics for Routes #2

Click here to take the quiz!

General Stats

  • This quiz has been taken 23 times
  • The average score is 5 of 10

Answer Stats

Originmeans of transportkmmilesextra informationGoal% Correct
Sacramentoby train2h13min-ocean is reachedSan Francisco
95%
Detroitby car372231border crossedToronto
90%
Niceby car21,313,2border passedMonaco
86%
Seoulby car~196~122not advisablePyongyang
86%
Istanbulby foot0,80,5over bridgeIstanbul
52%
Lisbonby plane1h45min-no border passedMadeira
48%
Wiener Neustadtby bicycle3h--Vienna
43%
Koperby car21,313,2port to port, border passedTriest
14%
Luxembourgby car13886border crossed, southeastSaarbrücken
10%
Ħal Qormiby foot5,73,5using St Joseph High StValletta
10%

Score Distribution

Percentile by Number Answered

Percent of People with Each Score

Your Score History

You have not taken this quiz